[Event "Caracas FVA 80th Ann"]
[Site "Caracas"]
[Date "2015.12.20"]
[Round "8"]
[White "Patino Garcia, Corals"]
[Black "Blanco Bautista, Jesus Antonio"]
[Result "1-0"]
[WhiteElo "1928"]
[BlackElo "1793"]
[PlyCount "39"]
[EventDate "2015.12.16"]
[EventType "swiss"]
[EventRounds "8"]
[EventCountry "VEN"]
[SourceTitle "EXT 2018"]
[Source "ChessBase"]
[SourceDate "2017.10.13"]
[SourceVersion "1"]
[SourceVersionDate "2017.10.13"]
[SourceQuality "1"]

1. d4 f5 2. c4 Nf6 3. Nc3 g6 4. h4 h5 5. Bg5 b6 6. Nh3 Bb7 7. Nf4 Rg8 8. e3 Ng4 9. Be2 c5 10. d5 Qc8 11. Bxg4 fxg4 12. Qd3 g3 13. fxg3 Qc7 14. Rf1 Na6 15. 0-0-0 0-0-0 16. d6 exd6 17. Bxd8 Qxd8 18. Nfd5 Bg7 19. Nb5 Kb8 20. Nxd6 1-0

[Event "Caracas FVA 80th Ann"]
[Site "Caracas"]
[Date "2015.12.18"]
[Round "5"]
[White "Blanco Bautista, Jesus Antonio"]
[Black "Miranda Mamani, Gustavo"]
[Result "1-0"]
[WhiteElo "1793"]
[BlackElo "1561"]
[PlyCount "42"]
[EventDate "2015.12.16"]
[EventType "swiss"]
[EventRounds "8"]
[EventCountry "VEN"]
[SourceTitle "EXT 2018"]
[Source "ChessBase"]
[SourceDate "2017.10.13"]
[SourceVersion "1"]
[SourceVersionDate "2017.10.13"]
[SourceQuality "1"]

1. b3 d5 2. Bb2 c5 3. e3 e6 4. f4 Nf6 5. Nf3 Nc6 6. Bb5 Bd7 7. 0-0 Be7 8. d3 h6 9. Nbd2 Qb6 10. c4 a6 11. Bxc6 Bxc6 12. Ne5 Rd8 13. f5 Bd7 14. Nxd7 Rxd7 15. fxe6 Qxe6 16. Qf3 dxc4 17. Nxc4 Rxd3 18. Qxb7 0-0 19. Rad1 Rfd8 20. Rxd3 Rxd3 21. Qb8+ Kh7 1-0

[Event "Porlamar Mata Figueroa Memorial"]
[Site "Porlamar"]
[Date "2015.08.22"]
[Round "1"]
[White "Blanco Bautista, Jesus Antonio"]
[Black "Marichal Gonzalez, Ariel"]
[Result "0-1"]
[WhiteElo "1743"]
[BlackElo "2366"]
[PlyCount "61"]
[EventDate "2015.08.22"]
[EventType "swiss"]
[EventRounds "9"]
[EventCountry "VEN"]
[SourceTitle "EXT 2018"]
[Source "ChessBase"]
[SourceDate "2017.10.13"]
[SourceVersion "1"]
[SourceVersionDate "2017.10.13"]
[SourceQuality "1"]

1. e4 c5 2. f4 d5 3. exd5 Nf6 4. Bb5+ Bd7 5. Bxd7+ Qxd7 6. c4 e6 7. Qe2 Bd6 8. dxe6 fxe6 9. d3 0-0 10. Nf3 Nc6 11. 0-0 e5 12. fxe5 Bxe5 13. Nxe5 Qd4+ 14. Qe3 Qxe5 15. Qxe5 Nxe5 16. Bg5 Nfg4 17. Nc3 Nxd3 18. b3 h6 19. Be7 Rfe8 20. Nd5 Ne3 21. Nxe3 Rxe7 22. Nd5 Re2 23. Rad1 Nb2 24. Nf4 Nxd1 25. Nxe2 Ne3 26. Re1 Nc2 27. Rd1 Re8 28. Nc3 Nd4 29. Kf2 Re6 30. Re1 Rf6+ 31. Kg1 0-1

[Event "Falcon Garcia Memorial 9th"]
[Site "Falcon"]
[Date "2014.11.07"]
[Round "3"]
[White "Cordero Gutierrez, Luis Jesus"]
[Black "Blanco Bautista, Jesus Antonio"]
[Result "1-0"]
[WhiteElo "2111"]
[BlackElo "1698"]
[PlyCount "89"]
[EventDate "2014.11.06"]
[EventType "swiss"]
[EventRounds "7"]
[EventCountry "VEN"]
[SourceTitle "CBM 163 Extra"]
[Source "ChessBase"]
[SourceDate "2014.12.23"]
[SourceVersion "1"]
[SourceVersionDate "2014.12.23"]
[SourceQuality "1"]

1. d4 Nf6 2. c4 c5 3. d5 e6 4. Bg5 exd5 5. cxd5 d6 6. Nc3 g6 7. Qa4+ Nbd7 8. Nb5 Be7 9. Bxf6 Bxf6 10. Nxd6+ Kf8 11. Qa3 Kg7 12. e3 Nb6 13. Nxc8 Qxc8 14. Rd1 Qf5 15. Nf3 Qc2 16. Bd3 Qxb2 17. Qxb2 Bxb2 18. 0-0 Nxd5 19. Rb1 Bf6 20. Rxb7 Nb6 21. g4 g5 22. e4 Rhb8 23. Rxb8 Rxb8 24. Ba6 Re8 25. Re1 Rd8 26. e5 Be7 27. Rc1 h6 28. Bb5 Bf8 29. h4 Be7 30. h5 Rd5 31. a4 c4 32. Rc2 Rd3 33. Kg2 Rd8 34. a5 Nd5 35. Bxc4 Nf4+ 36. Kg1 Rd1+ 37. Kh2 Bb4 38. Rb2 Bc3 39. Rb7 Nd5 40. e6 Kf6 41. exf7 Kg7 42. Rxa7 Bb4 43. Bxd5 Rxd5 44. a6 Ra5 45. Nd4 1-0